LEGO Dinosaurs by Picture - Statistics

General Stats
  • This quiz has been taken 58 times
    51 since last reset
  • The average score is 18 of 28
Answer Stats
Picture Answer % Correct
Ankylosaurus
90%
Brachiosaurus
85%
Triceratops
85%
Tyrannosaurus rex
85%
Velociraptor
85%
Stegosaurus
82%
Carnotaurus
79%
Dilophosaurus
79%
Allosaurus
77%
Baryonyx
77%
Indominus rex
72%
Giganotosaurus
69%
Mosasaurus
69%
Gallimimus
67%
Pteranodon
67%
Indoraptor
64%
Quetzalcoatlus
62%
Parasaurolophus
59%
Spinosaurus
59%
Therizinosaurus
56%
Dimetrodon
54%
Plesiosaurus
54%
Atrociraptor
51%
Pyroraptor
49%
Stygimoloch
49%
Diplodocus
46%
Coelophysis
36%
Iguanodon
33%
No matching quizzes found
Score Distribution
Percent of People with Each Score
Percentile by Number Answered
Your Score History
You have not taken this quiz since the last reset